000
00317nam a2200133Ia 4500
005
20251222155111.0
008
251222s9999||||xx |||||||||||||| ||spa||
082
_a
SIQ. 01
100
_a
UGALDE M
245
0
_a
EnfermerÃa Salud Mental Psiquiatrica
250
_a
1ra. ed.
264
_b
Salvat editores
942
_c
LIB
999
_c
38070
_d
38070